Philosophia sexualis : scritti su Georges Bataille /

Shranjeno v:
Bibliografske podrobnosti
Glavni avtor: Perniola, Mario (Author)
Format: Knjiga
Jezik:italijanščina
Izdano: Verona : Ombre corte, 1998
Serija:Cartografie ; 9
Teme:
Oznake: Označite
Brez oznak, prvi označite!

MARC

LEADER 00000nam a22000007i 4500
001 IT\ICCU\LO1\0482011
003 ItRI
005 20250218011638.0
008 991012s1998 it |||||| ||||| |||||c
020 |a 8887009082 
040 |b ita  |c ARCIGAY RIMINI 
041 7 |a ita  |2 ISO-639-2 
100 1 |a Perniola, Mario  |0 IT\ICCU\CFIV\065006  |4 aut 
245 1 0 |a Philosophia sexualis :  |b scritti su Georges Bataille /  |c Mario Perniola. 
260 |a Verona :  |b Ombre corte,  |c 1998 
300 |a 150 p. ;  |c 20 cm 
500 |a Già pubbl 
650 7 |a Bataille, Georges  |x Pensiero filosofico  |2 scbi 
830 0 |a Cartografie ;  |v 9  |0 IT\ICCU\LIG\0073910 
942 |2 ddc  |c BK 
952 |0 0  |1 0  |2 ddc  |4 0  |6 848_912000000000000_PER_PHIL  |7 1  |9 3240  |a RN  |b RN  |d 2025-02-18  |e DONO RIMONDINI  |l 0  |o 848.912 PER PHIL  |p 10499  |r 2025-02-18 01:17:50  |w 2025-02-18  |y BK 
981 1 |6 z01  |a i   |b xxxe  
982 1 |6 z01  |a n 
999 |c 2608  |d 2608